000 00709nam a2200205 i 4500
001 178981
003 ES-MaACL
005 20251111063353.0
008 110817s1907 fr |||| | fre d
100 1 _aTurot, Henri,
_d1865-1922
_9147621
245 1 3 _aLe surpeuplement et les habitations à bon marché /
_cHenri Turot, Henri Bellamy.
260 _aParis :
_bFélix Alcan,
_c1907.
300 _a260 p. ;
_c22 cm.
490 1 _aBibliothèque générale des sciences sociales ;
_v28
650 0 4 _aTrabajo-
_zFrancia
_917596
700 1 _aBellamy, Henry.
_9147622
830 0 0 _aBibliothèque générale des sciences sociales
_v28
_9187778
852 _aES-MaACL
_jC-23108
999 _c178981
_d178981